01312nam a2200241Ia 4500952010400000952009200104952009200196952009200288999001700380008004100397020001800438050001700456100002700473245007600500260003200576300003500608500017100643504003300814505014200847519006100989650001301050942000701063 00104070a11b11d2009-01-08l1oBF371 A73p11 007589r2015-08-07s2015-08-07t1w2012-06-26yLB 00104070a11b11d2009-01-26l0oBF371 A73p11 007659r2012-06-26t2w2012-06-26yLB 00104070a11b11d2009-01-20l0oBF371 A73p11 007611r2012-06-26t3w2012-06-26yLB 00104070a11b11d2009-01-26l0oBF371 A73p11 007652r2012-06-26t4w2012-06-26yLB c72070d72070120626s1990 mx a 000 0 spa d a9789682439193 aBF371 bA73  aAranda, Enriqueeautor aAnamnesis b: psicología de la memoria y el olvido c/ Enrique Aranda aMéxicob: Trillasc, 1990 a188 páginasb: ilustraciones aIncluye: Introducción (pp. 7-10), sumario y conclusiones (pp. 155-159), Notas (pp. 161-166), Índice onomástico (pp. 177-179), Índice analítico (pp. 181-188) aBibliografía (pp. 167-176) aLos paradigmas tradicionales Los paradigmas cognitivos Nuevas orientaciones El enfoque de las neurociencias Memoria y evolución aMaterial complementario / bPsicología / d(11 007611) 0aMEMORIA  cLB